| 000 | 00865cam a22002773a 4500 | ||
|---|---|---|---|
| 001 | 19786 | ||
| 003 | PGUSA | ||
| 005 | 20140828083423.0 | ||
| 008 | 060925s2006||||xxu|||||s|||||000 | eng d | ||
| 040 |
_aPGUSA _beng |
||
| 042 | _adc | ||
| 050 | 4 | _aBP | |
| 245 | 1 | 0 |
_aDe Koran : _bVoorafgegaan door het leven van Mahomed, eene inleiding omtrent de Godsdienstgebruiken der Mahomedanen, enz. _h[electronic resource] |
| 260 |
_bProject Gutenberg, _c2006 |
||
| 506 | _aPublic domain in the USA. | ||
| 516 | _aElectronic text | ||
| 653 | _aQur'an | ||
| 653 | _aMuhammad, Prophet, d. 632 | ||
| 653 | _aIslam | ||
| 700 | 1 |
_aKazimirski Biberstein, Albin de, _d1808-1887 |
|
| 700 | 1 |
_aKeyzer, Salomo, _d1823-1868 |
|
| 700 | 1 |
_aJapikse, Nicolaas, _d1872-1944 |
|
| 830 | 0 |
_aProject Gutenberg _v19786 |
|
| 856 | 4 | 0 | _uhttp://www.gutenberg.org/ebooks/19786 |
| 942 | _cEB | ||
| 999 |
_c249041 _d249041 |
||